[Event "North Bay int."]
[Site "North Bay CAN"]
[Date "1996.08.09"]
[Round "5"]
[White "Acker, Robert"]
[Black "Southam, David"]
[Result "0-1"]
[WhiteElo "2100"]
[BlackElo "2308"]
[PlyCount "74"]
[EventDate "1996.08.07"]
[EventType "swiss"]
[EventRounds "9"]
[EventCountry "CAN"]

1. d4 Nf6 2. Nf3 g6 3. Bf4 Bg7 4. e3 d6 5. Nbd2 Nbd7 6. Bd3 O-O 7. c3 Qe8 8. e4
e5 9. dxe5 dxe5 10. Bg5 Nc5 11. Bc2 Bg4 12. Bxf6 Bxf6 13. h3 Bd7 14. Qe2 Rd8
15. O-O Ne6 16. g3 Bb5 17. c4 Bd7 18. Kg2 c5 19. Rh1 Bc6 20. Nb3 b6 21. Rad1
Rc8 22. Rhe1 Qe7 23. Nbd2 Bg7 24. Kh2 Qb7 25. Nb1 f5 26. Nc3 Nd4 27. Nxd4 cxd4
28. Nd5 Bxd5 29. cxd5 f4 30. f3 fxg3+ 31. Kg2 Bh6 32. Bd3 Qe7 33. Ba6 Rc5 34.
Bc4 Kh8 35. Qd3 Qf6 36. b3 b5 37. b4 Rxc4 0-1

[Event "North Bay int."]
[Site "North Bay CAN"]
[Date "1996.08.09"]
[Round "5"]
[White "Allan, Denis"]
[Black "Bidal, Jay"]
[Result "0-1"]
[WhiteElo "2384"]
[BlackElo "2288"]
[PlyCount "106"]
[EventDate "1996.08.07"]
[EventType "swiss"]
[EventRounds "9"]
[EventCountry "CAN"]

1. e4 a6 2. d4 b5 3. Nf3 Bb7 4. Bd3 e6 5. O-O c5 6. c3 Be7 7. Re1 Nf6 8. Bg5 d5
9. Bxf6 gxf6 10. e5 f5 11. Nbd2 c4 12. Bc2 Nd7 13. Nf1 h5 14. Qd2 a5 15. Re2
Nf8 16. Rae1 Kd7 17. b3 Kc8 18. Rb1 Bc6 19. Ne3 f4 20. Nf1 Ng6 21. Bxg6 fxg6
22. Qxf4 g5 23. Qf7 Qd7 24. Ne3 g4 25. Nd2 Kc7 26. bxc4 bxc4 27. Ndf1 Raf8 28.
Qg6 Ba3 29. Qc2 Ba4 30. Qd2 Rb8 31. Ree1 Qh7 32. Rxb8 Rxb8 33. Nd1 Rb1 34. Nfe3
Bc1 35. Qe2 Qd3 36. Qxd3 cxd3 37. Kf1 Bd2 38. f4 Bxe1 39. Kxe1 Ra1 40. Kd2 Kc6
41. a3 Bb5 42. f5 Ra2+ 43. Kc1 exf5 44. Nxf5 Rc2+ 45. Kb1 Rxg2 46. Ne7+ Kd7 47.
Nxd5 Bc6 48. Nf6+ Ke7 49. d5 Ba4 50. Ne3 d2 51. d6+ Ke6 52. d7 Bxd7 53. Nxd7
Kxd7 0-1

[Event "North Bay int."]
[Site "North Bay CAN"]
[Date "1996.08.09"]
[Round "5"]
[White "Balandin, Aleksey"]
[Black "Moussa, Alaa Eddine"]
[Result "1/2-1/2"]
[WhiteElo "2448"]
[BlackElo "2219"]
[PlyCount "30"]
[EventDate "1996.08.07"]
[EventType "swiss"]
[EventRounds "9"]
[EventCountry "CAN"]

1. e4 c6 2. d4 d5 3. exd5 cxd5 4. c4 Nf6 5. Nc3 e6 6. Nf3 Bb4 7. Bd3 dxc4 8.
Bxc4 O-O 9. O-O b6 10. Bg5 Bb7 11. Qd3 Be7 12. Rad1 Nc6 13. a3 Nd5 14. Bc1 Nxc3
15. Qxc3 Bf6 1/2-1/2

[Event "North Bay int."]
[Site "North Bay CAN"]
[Date "1996.08.09"]
[Round "5"]
[White "Bell, Adam"]
[Black "Dougherty, Michael"]
[Result "0-1"]
[WhiteElo "1925"]
[BlackElo "2310"]
[PlyCount "42"]
[EventDate "1996.08.07"]
[EventType "swiss"]
[EventRounds "9"]
[EventCountry "CAN"]

1. e4 c5 2. d4 cxd4 3. c3 d5 4. exd5 Qxd5 5. cxd4 Nc6 6. Nf3 e5 7. dxe5 Qxd1+
8. Kxd1 Bg4 9. Bf4 Bc5 10. Bg3 O-O-O+ 11. Kc1 Nge7 12. Bc4 Nf5 13. Re1 Nxg3 14.
fxg3 Bh5 15. Nc3 Rhe8 16. g4 Bxg4 17. Bxf7 Re7 18. e6 Nb4 19. Re2 Bf5 20. Ne1
Bd4 21. a3 Bf6 0-1

[Event "North Bay int."]
[Site "North Bay CAN"]
[Date "1996.08.09"]
[Round "5"]
[White "Boross-Harmer, Peter"]
[Black "Saleh, Maher"]
[Result "0-1"]
[WhiteElo "2051"]
[BlackElo "2280"]
[PlyCount "104"]
[EventDate "1996.08.07"]
[EventType "swiss"]
[EventRounds "9"]
[EventCountry "CAN"]

1. d4 Nf6 2. c4 g6 3. Nc3 d5 4. cxd5 Nxd5 5. Nf3 Bg7 6. g3 O-O 7. Bg2 Nxc3 8.
bxc3 c5 9. O-O Nc6 10. e3 Be6 11. Qa4 Qd7 12. Kh1 a6 13. Ng5 b5 14. Qc2 Bc4 15.
Rd1 cxd4 16. cxd4 Rac8 17. Ba3 Bd5 18. Qe2 Bxg2+ 19. Kxg2 Qd5+ 20. Nf3 b4 21.
Bb2 a5 22. e4 Qd6 23. Rac1 Bh6 24. Rc4 Na7 25. d5 Qa6 26. Rc2 Qxe2 27. Rxe2 Nb5
28. Nd4 Nxd4 29. Bxd4 Rc4 30. f4 a4 31. Kf3 Rfc8 32. Red2 g5 33. Bb2 a3 34. Bd4
gxf4 35. gxf4 Kf8 36. e5 Ke8 37. d6 Kd7 38. Be3 R8c6 39. dxe7+ Kxe7 40. Bd4 Rc8
41. Rd3 Rc2 42. R1d2 Rxd2 43. Rxd2 Rc1 44. Ke4 Ke8 45. Bb6 Rc4+ 46. Rd4 Rc2 47.
f5 Re2+ 48. Kd3 Rxa2 49. Kc4 Rc2+ 50. Kb3 Rb2+ 51. Kc4 a2 52. f6 Rd2 0-1

[Event "North Bay int."]
[Site "North Bay CAN"]
[Date "1996.08.09"]
[Round "5"]
[White "Boudy Bueno, Julio"]
[Black "Day, Lawrence"]
[Result "1-0"]
[WhiteElo "2281"]
[BlackElo "2444"]
[PlyCount "83"]
[EventDate "1996.08.07"]
[EventType "swiss"]
[EventRounds "9"]
[EventCountry "CAN"]
[Source "CFC"]
[SourceDate "2002.12.??"]

1. e4 g6 2. d4 Nf6 3. e5 Nh5 4. Nc3 d5 5. Be2 Ng7 6. h3 c6 7. Nf3 b6 8. O-O Ba6
9. Re1 Bxe2 10. Qxe2 h6 11. Nd1 e6 12. Bd2 Nd7 13. c4 dxc4 14. Qxc4 Rc8 15. Nc3
b5 16. Qb3 Nb6 17. Rec1 Be7 18. Ne4 Nf5 19. Qd3 h5 20. b3 Nd5 21. a4 b4 22. Qa6
Qc7 23. Ra2 Kd7 24. a5 Qb8 25. Rac2 Qa8 26. Nc5+ Bxc5 27. Rxc5 Rc7 28. Qd3 Rb8
29. g4 hxg4 30. hxg4 Nfe7 31. Ng5 Rf8 32. R5c4 Qb8 33. Ne4 Qb5 34. Qf3 Qxa5 35.
Bh6 Rcc8 36. Nc5+ Ke8 37. Bxf8 Kxf8 38. Nxe6+ Kg8 39. Ng5 f6 40. exf6 Rf8 41.
fxe7 Nxe7 42. Qe3 1-0

[Event "North Bay int."]
[Site "North Bay CAN"]
[Date "1996.08.09"]
[Round "5"]
[White "Cabanas, Francisco"]
[Black "Ciaffone, Robert"]
[Result "0-1"]
[WhiteElo "2234"]
[BlackElo "2287"]
[PlyCount "100"]
[EventDate "1996.08.07"]
[EventType "swiss"]
[EventRounds "9"]
[EventCountry "CAN"]

1. e4 c5 2. Nc3 Nc6 3. g3 g6 4. Bg2 Bg7 5. d3 d6 6. Be3 Rb8 7. Qd2 b5 8. Nd1 e6
9. c3 b4 10. Ne2 bxc3 11. bxc3 Ba6 12. O-O Nge7 13. f3 O-O 14. Nf2 Qa5 15. Bh6
Bxh6 16. Qxh6 e5 17. f4 f5 18. Nh3 Rf7 19. fxe5 Nxe5 20. Ng5 Bxd3 21. Nxf7 Nxf7
22. Qd2 Bxe2 23. Qxe2 Qxc3 24. exf5 Nxf5 25. Rab1 Rxb1 26. Rxb1 Kg7 27. Qf2 Ne5
28. Be4 Nd3 29. Bxd3 Qxd3 30. Re1 h5 31. Qb2+ Nd4 32. Re7+ Kh6 33. Qf2 Qf3 34.
Qd2+ g5 35. Re3 Qg4 36. Qf2 Kg6 37. Kg2 Qf5 38. Qxf5+ Kxf5 39. Ra3 Ke4 40. Rxa7
c4 41. Rc7 Kd3 42. a4 c3 43. a5 c2 44. a6 Nb5 45. Rc6 d5 46. Rc5 d4 47. Rxb5
c1=Q 48. a7 Qc6+ 49. Kh3 Qc8+ 50. Kg2 Qa8+ 0-1

[Event "North Bay int."]
[Site "North Bay CAN"]
[Date "1996.08.09"]
[Round "5"]
[White "Ceterski, Tom"]
[Black "Palsson, Halldor"]
[Result "0-1"]
[WhiteElo "2015"]
[BlackElo "2125"]
[PlyCount "64"]
[EventDate "1996.08.07"]
[EventType "swiss"]
[EventRounds "9"]
[EventCountry "CAN"]

1. d4 d5 2. c4 e6 3. Nc3 c6 4. cxd5 exd5 5. Qc2 g6 6. e3 Bf5 7. Bd3 Bxd3 8.
Qxd3 Nf6 9. Nge2 Bg7 10. f3 O-O 11. O-O Na6 12. a3 c5 13. Rd1 c4 14. Qc2 Qd7
15. e4 dxe4 16. fxe4 b5 17. e5 Ng4 18. h3 Nh6 19. Ne4 Nf5 20. g4 Ne7 21. Bh6
Nd5 22. N2c3 Nac7 23. Qd2 f5 24. Nc5 Qc8 25. Bxg7 Kxg7 26. Qe2 Nf4 27. Qf3 fxg4
28. hxg4 Nd3 29. Qg3 Rf4 30. Kh1 Rxg4 31. Qh2 Nxc5 32. dxc5 Qb7+ 0-1

[Event "North Bay int."]
[Site "North Bay CAN"]
[Date "1996.08.09"]
[Round "5"]
[White "Chow, Albert"]
[Black "Linn, Peter"]
[Result "1/2-1/2"]
[WhiteElo "2366"]
[BlackElo "2081"]
[PlyCount "47"]
[EventDate "1996.08.07"]
[EventType "swiss"]
[EventRounds "9"]
[EventCountry "CAN"]

1. d4 d5 2. c4 e6 3. Nf3 c5 4. cxd5 exd5 5. Nc3 Nc6 6. g3 Nf6 7. Bg2 Be7 8. O-O
O-O 9. Bg5 cxd4 10. Nxd4 h6 11. Be3 Re8 12. Qb3 Na5 13. Qc2 Bg4 14. Nf5 Bb4 15.
Bd4 Bxc3 16. Bxc3 Rxe2 17. Qd3 Re8 18. Rfe1 Rxe1+ 19. Rxe1 Nc6 20. Ne3 d4 21.
Nxg4 dxc3 22. Qxd8+ Rxd8 23. Nxf6+ gxf6 24. bxc3 1/2-1/2

[Event "North Bay int."]
[Site "North Bay CAN"]
[Date "1996.08.09"]
[Round "5"]
[White "Evans, Bill"]
[Black "Winterton, Ken"]
[Result "0-1"]
[WhiteElo "2233"]
[BlackElo "2015"]
[PlyCount "76"]
[EventDate "1996.08.07"]
[EventType "swiss"]
[EventRounds "9"]
[EventCountry "CAN"]

1. d4 Nf6 2. c4 e6 3. Nf3 b6 4. Bf4 Bb7 5. e3 Nh5 6. Bg5 Be7 7. Bxe7 Qxe7 8.
Nc3 d6 9. Bd3 Nf6 10. e4 e5 11. O-O Nbd7 12. Nd5 Qd8 13. Rc1 c6 14. Ne3 g6 15.
c5 bxc5 16. dxe5 dxe5 17. Qb3 Qc7 18. Bc4 O-O 19. Ng5 Nb6 20. Qc2 Nxc4 21. Qxc4
h6 22. Nf3 Rfe8 23. Qa4 Nd7 24. Rfd1 Nb6 25. Qa5 Rad8 26. Qxc5 Rxd1+ 27. Rxd1
Nd7 28. Qc3 Nf6 29. Qc4 Kg7 30. h3 Qb6 31. Rd6 Qxb2 32. Rxf6 Kxf6 33. Ng4+ Kg7
34. Kh2 h5 35. Ng5 Re7 36. Ne3 Qxf2 37. Qc5 Qf4+ 38. Kg1 Qxg5 0-1

[Event "North Bay int."]
[Site "North Bay CAN"]
[Date "1996.08.09"]
[Round "5"]
[White "Fiedler, Brian"]
[Black "Lindsay, Fred"]
[Result "1/2-1/2"]
[WhiteElo "2285"]
[BlackElo "2316"]
[PlyCount "31"]
[EventDate "1996.08.07"]
[EventType "swiss"]
[EventRounds "9"]
[EventCountry "CAN"]

1. e4 e6 2. d4 d5 3. Nc3 Bb4 4. e5 c5 5. a3 Bxc3+ 6. bxc3 Qc7 7. Nf3 Ne7 8. a4
b6 9. Bb5+ Bd7 10. Bd3 Nbc6 11. O-O h6 12. Re1 O-O 13. Ba3 Na5 14. Bc1 Nac6 15.
Ba3 Na5 16. Bc1 1/2-1/2

[Event "North Bay int."]
[Site "North Bay CAN"]
[Date "1996.08.09"]
[Round "5"]
[White "Gonzales, Jorge A"]
[Black "Linskiy, Oleg"]
[Result "1-0"]
[WhiteElo "2532"]
[BlackElo "2390"]
[PlyCount "151"]
[EventDate "1996.08.07"]
[EventType "swiss"]
[EventRounds "9"]
[EventCountry "CAN"]

1. d4 d5 2. c4 Bf5 3. cxd5 Bxb1 4. Qa4+ c6 5. Rxb1 Qxd5 6. Nf3 Nd7 7. a3 Ngf6
8. Qc2 e6 9. g3 Bd6 10. Bg2 O-O 11. O-O Qf5 12. Qxf5 exf5 13. b4 Ne4 14. Rb3
Rfe8 15. Rd1 Nb6 16. Nd2 Rad8 17. e3 a6 18. f3 Nf6 19. Rd3 Na4 20. Nb3 b6 21.
R1d2 h5 22. Rc2 h4 23. gxh4 c5 24. bxc5 bxc5 25. Bf1 cxd4 26. Rxd4 Nb6 27. Bxa6
Nbd5 28. Rd3 Bc7 29. Bb5 Rf8 30. Nd4 f4 31. Nc6 Nxe3 32. Bxe3 fxe3 33. Ne7+ Kh7
34. Rxc7 e2 35. Re3 Nh5 36. Bxe2 Nf4 37. Re4 Ne6 38. Rc2 Nd4 39. Rb2 Rfe8 40.
Kg2 f5 41. Rxd4 Rxd4 42. Nxf5 Rd5 43. Ng3 Ra8 44. Rb3 Rda5 45. Bd3+ Kh8 46. Bb1
Rxa3 47. Rb2 R3a4 48. h5 R4a7 49. Nf5 Ra5 50. Kg3 Rf8 51. Kg4 Ra4+ 52. Kg5 Ra5
53. h4 Rc5 54. Be4 Rc1 55. Rg2 Rc5 56. Kf4 Ra5 57. h6 gxh6 58. Rg6 h5 59. Rh6+
Kg8 60. Rxh5 Kf7 61. Rh7+ Kg6 62. Rh6+ Kf7 63. h5 Rc5 64. Rd6 Rc4 65. Kg5 Rg8+
66. Rg6 Rc5 67. Bb1 Ra8 68. Rg7+ Kf8 69. h6 Ra1 70. Be4 Rg1+ 71. Kf6 Rc6+ 72.
Bxc6 Rg6+ 73. Ke5 Re6+ 74. Kf4 Rd6 75. Rc7 Rf6 76. Bd5 1-0

[Event "North Bay int."]
[Site "North Bay CAN"]
[Date "1996.08.09"]
[Round "5"]
[White "Gordon, David"]
[Black "Filipovich, David"]
[Result "1-0"]
[WhiteElo "2157"]
[BlackElo "2299"]
[PlyCount "67"]
[EventDate "1996.08.07"]
[EventType "swiss"]
[EventRounds "9"]
[EventCountry "CAN"]

1. d4 d5 2. c4 c6 3. Nf3 Nf6 4. Nc3 dxc4 5. e4 b5 6. e5 Nd5 7. a4 e6 8. axb5
Nxc3 9. bxc3 cxb5 10. Ng5 Bb7 11. Qh5 g6 12. Qg4 Be7 13. Be2 Qc8 14. Ba3 h6 15.
Ne4 Bxa3 16. Rxa3 Bxe4 17. Qxe4 Nd7 18. Bf3 Nb6 19. Qc6+ Qxc6 20. Bxc6+ Ke7 21.
Bxa8 Rxa8 22. Kd2 Kd7 23. Rha1 Nc8 24. Ke3 Kc6 25. Ke4 Rb8 26. g4 Rb7 27. f4
Nb6 28. Ra6 Rd7 29. h4 b4 30. cxb4 Kb5 31. Rxa7 Rxa7 32. Rxa7 c3 33. Kd3 c2 34.
Kxc2 1-0

[Event "North Bay int."]
[Site "North Bay CAN"]
[Date "1996.08.09"]
[Round "5"]
[White "Heyer, Jon Paul"]
[Black "Koster, Ed"]
[Result "1-0"]
[WhiteElo "2233"]
[BlackElo "2207"]
[PlyCount "82"]
[EventDate "1996.08.07"]
[EventType "swiss"]
[EventRounds "9"]
[EventCountry "CAN"]

1. b3 e5 2. Bb2 Nc6 3. e3 d5 4. Bb5 Bd6 5. Nf3 Qe7 6. c4 a6 7. Bxc6+ bxc6 8. c5
Bxc5 9. Nxe5 Qe6 10. Qc2 Bb6 11. Qxc6+ Qxc6 12. Nxc6 f6 13. O-O Bd7 14. Rc1 Nh6
15. d4 a5 16. Ba3 Kf7 17. Nd2 Rhe8 18. Rc3 Ra6 19. Rac1 Nf5 20. R3c2 Nd6 21.
Bb2 Raa8 22. a3 h5 23. h4 Bf5 24. Rc3 Bd7 25. Nf3 Re6 26. Ne1 Re4 27. g3 g5 28.
hxg5 h4 29. gxf6 Bxc6 30. Rxc6 hxg3 31. Nf3 Rg8 32. Kg2 gxf2+ 33. Kxf2 Kf8 34.
Rg1 Rh8 35. Rg2 Rh1 36. Rh2 Rxh2+ 37. Nxh2 Rh4 38. Kg3 Rh6 39. Ng4 Rh1 40. Ne5
Ke8 41. Kg4 Rb1 1-0

[Event "North Bay int."]
[Site "North Bay CAN"]
[Date "1996.08.09"]
[Round "5"]
[White "Jung, Hans"]
[Black "Desjardins, Andre"]
[Result "1/2-1/2"]
[WhiteElo "2327"]
[BlackElo "2252"]
[PlyCount "53"]
[EventDate "1996.08.07"]
[EventType "swiss"]
[EventRounds "9"]
[EventCountry "CAN"]

1. e4 c5 2. Nf3 Nc6 3. h3 g6 4. c3 d5 5. exd5 Qxd5 6. Na3 Bg7 7. d4 cxd4 8. Nb5
Qd8 9. Nbxd4 Nxd4 10. Nxd4 Nf6 11. Qa4+ Bd7 12. Qb3 Qc7 13. Be2 a6 14. O-O O-O
15. Be3 b5 16. Bf3 e5 17. Nc2 Be6 18. Qa3 Nd5 19. Bc5 Rfd8 20. Ne3 Rac8 21.
Nxd5 Bxd5 22. Be7 Bxf3 23. Bxd8 Qxd8 24. gxf3 Qg5+ 25. Kh1 Qf5 26. Kg2 Qg5+ 27.
Kh1 1/2-1/2

[Event "North Bay int."]
[Site "North Bay CAN"]
[Date "1996.08.09"]
[Round "5"]
[White "Khoudgarian, Natalia"]
[Black "Djerkovic, Miladin"]
[Result "0-1"]
[WhiteElo "2215"]
[BlackElo "2323"]
[PlyCount "52"]
[EventDate "1996.08.07"]
[EventType "swiss"]
[EventRounds "9"]
[EventCountry "CAN"]
[Source "ChessBase"]
[SourceDate "1997.11.17"]

1. e4 c5 2. Nf3 d6 3. c3 Nf6 4. Be2 Qc7 5. O-O g6 6. Re1 Nbd7 7. Bf1 Bg7 8. d4
e5 9. dxe5 dxe5 10. a4 O-O 11. Na3 Ne8 12. Bg5 Bf6 13. Nb5 Qb8 14. Qd5 a6 15.
Na3 Kg7 16. Nc4 h6 17. Be3 b6 18. Red1 Ra7 19. a5 bxa5 20. Rxa5 Be7 21. Nfxe5
Nef6 22. Nc6 Nxd5 23. Nxb8 Nxe3 24. Nxd7 Nxc4 25. Bxc4 Rd8 26. Rd5 Rdxd7 0-1

[Event "North Bay int."]
[Site "North Bay CAN"]
[Date "1996.08.09"]
[Round "5"]
[White "Kiviaho, Robert"]
[Black "Guo, Joshua"]
[Result "1-0"]
[WhiteElo "2331"]
[BlackElo "2209"]
[PlyCount "91"]
[EventDate "1996.08.07"]
[EventType "swiss"]
[EventRounds "9"]
[EventCountry "CAN"]
[Source "ChessBase"]
[SourceDate "1997.11.17"]

1. e4 c5 2. Nf3 d6 3. d4 cxd4 4. Nxd4 Nf6 5. Nc3 g6 6. Be3 Bg7 7. f3 O-O 8. Qd2
Nc6 9. Bc4 Bd7 10. O-O-O Rc8 11. Bb3 Ne5 12. h4 Nc4 13. Bxc4 Rxc4 14. h5 Nxh5
15. g4 Nf6 16. Nb3 Re8 17. Rh4 Rxc3 18. bxc3 Qc8 19. Rdh1 Bxg4 20. fxg4 Nxe4
21. Qd3 Nxc3 22. Bd4 Nxa2+ 23. Kd2 Nb4 24. Rxh7 e5 25. Qc3 exd4 26. Rxg7+ Kxg7
27. Qxd4+ Re5 28. Qxb4 Qc6 29. Rg1 Qf3 30. Qd4 Qe2+ 31. Kc3 Qe3+ 32. Qxe3 Rxe3+
33. Kd4 Re2 34. Kd3 Re5 35. Nd4 Re7 36. Kc4 Kf6 37. g5+ Kg7 38. Kd5 Rc7 39.
Kxd6 Rc4 40. Kd5 Rc3 41. Re1 a5 42. Re7 b5 43. Rb7 b4 44. Ne6+ Kg8 45. Rb8+ Kh7
46. Nc5 1-0

[Event "North Bay int."]
[Site "North Bay CAN"]
[Date "1996.08.09"]
[Round "5"]
[White "Kret, Ted"]
[Black "Deline, Ralph"]
[Result "1-0"]
[WhiteElo "2242"]
[BlackElo "2067"]
[PlyCount "63"]
[EventDate "1996.08.07"]
[EventType "swiss"]
[EventRounds "9"]
[EventCountry "CAN"]

1. d4 c5 2. d5 e5 3. Nc3 d6 4. e4 Be7 5. a4 Bg5 6. Bb5+ Nd7 7. Nf3 Bxc1 8. Qxc1
a6 9. Bd3 Ngf6 10. Qe3 b6 11. Qe2 Nf8 12. h3 Ng6 13. g3 O-O 14. Nd1 Re8 15. Ne3
Qc7 16. Nd2 Ra7 17. Ra3 Ne7 18. h4 Bb7 19. f4 exf4 20. gxf4 Nexd5 21. exd5 Nxd5
22. Be4 Nxf4 23. Qf3 d5 24. O-O Ne2+ 25. Qxe2 dxe4 26. Nf5 Re6 27. h5 Qc6 28.
Qg2 g6 29. Nh6+ Kg7 30. Rxf7+ Kxh6 31. hxg6 Rxg6 32. Rh3# 1-0

[Event "North Bay int."]
[Site "North Bay CAN"]
[Date "1996.08.09"]
[Round "5"]
[White "Morrell, Gord"]
[Black "Shernoff, Leon"]
[Result "1/2-1/2"]
[WhiteElo "2226"]
[BlackElo "2100"]
[PlyCount "75"]
[EventDate "1996.08.07"]
[EventType "swiss"]
[EventRounds "9"]
[EventCountry "CAN"]

1. d4 d5 2. c4 c6 3. Nf3 Nf6 4. Nc3 dxc4 5. e4 b5 6. e5 Nd5 7. a4 Nxc3 8. bxc3
Be6 9. Ng5 Bd5 10. e6 fxe6 11. Qg4 Qd7 12. Be2 e5 13. dxe5 Qxg4 14. Bxg4 Nd7
15. Ne6 Bxe6 16. Bxe6 Nc5 17. Bf5 Nxa4 18. Be4 Rc8 19. Bd2 Nc5 20. Bc2 Ra8 21.
Be3 e6 22. Bxc5 Bxc5 23. Be4 Kd7 24. Ra6 Bb6 25. Ke2 Rad8 26. h3 h6 27. Rha1
Ra8 28. Rd1+ Ke7 29. Bxc6 Rad8 30. Bxb5 Rxd1 31. Kxd1 Rd8+ 32. Ke2 Rd3 33. Ra3
Bd4 34. Bxc4 Rxc3 35. Rxc3 Bxc3 36. f4 a5 37. Kd3 Be1 38. Bb3 1/2-1/2

[Event "North Bay int."]
[Site "North Bay CAN"]
[Date "1996.08.09"]
[Round "5"]
[White "Pacey, Kevin"]
[Black "Kamberi, Sonny"]
[Result "0-1"]
[WhiteElo "2297"]
[BlackElo "2316"]
[PlyCount "32"]
[EventDate "1996.08.07"]
[EventType "swiss"]
[EventRounds "9"]
[EventCountry "CAN"]

1. e4 e5 2. Nf3 Nc6 3. Bc4 Bc5 4. Nc3 Nf6 5. Nd5 Nxe4 6. Qe2 Nf6 7. d4 Nxd4 8.
Qxe5+ Ne6 9. Bg5 Be7 10. Nxe7 Qxe7 11. O-O-O d6 12. Qc3 Ne4 13. Bb5+ Bd7 14.
Bxd7+ Kxd7 15. Bxe7 Nxc3 16. bxc3 Kxe7 0-1

[Event "North Bay int."]
[Site "North Bay CAN"]
[Date "1996.08.09"]
[Round "5"]
[White "Peckford, William"]
[Black "Karklins, Andrew"]
[Result "0-1"]
[WhiteElo "2314"]
[BlackElo "2380"]
[PlyCount "78"]
[EventDate "1996.08.07"]
[EventType "swiss"]
[EventRounds "9"]
[EventCountry "CAN"]

1. d4 Nf6 2. c4 e6 3. Nc3 Bb4 4. e3 c5 5. Nge2 d6 6. a3 Ba5 7. Rb1 Nc6 8. d5
exd5 9. cxd5 Ne5 10. Ng3 O-O 11. Be2 a6 12. b4 cxb4 13. axb4 Bb6 14. O-O Bd7
15. Qb3 Rc8 16. b5 a5 17. Na4 h5 18. Nxb6 Qxb6 19. h4 Rfe8 20. Bxh5 Nxh5 21.
Nxh5 Qd8 22. f4 Qxh4 23. fxe5 Qxh5 24. exd6 Re4 25. Rf4 Rxf4 26. exf4 Bf5 27.
Ra1 Rc2 28. Qf3 Qg6 29. d7 Bxd7 30. Be3 b6 31. Bf2 Bxb5 32. Re1 Bd7 33. Re5
Rc1+ 34. Kh2 Bg4 35. Re8+ Kh7 36. Qa3 Rc4 37. Qf8 Qh5+ 38. Kg3 Qh4+ 39. Kxh4
Bd7 0-1

[Event "North Bay int."]
[Site "North Bay CAN"]
[Date "1996.08.09"]
[Round "5"]
[White "Rajlich, Vasik"]
[Black "Livshits, Ron"]
[Result "0-1"]
[WhiteElo "2340"]
[BlackElo "2468"]
[PlyCount "54"]
[EventDate "1996.08.07"]
[EventType "swiss"]
[EventRounds "9"]
[EventCountry "CAN"]

1. e4 c6 2. d4 d5 3. exd5 cxd5 4. c4 Nf6 5. Nc3 Nc6 6. Bg5 dxc4 7. Bxc4 Nxd4 8.
Nf3 Ne6 9. O-O a6 10. Qe2 Nxg5 11. Nxg5 e6 12. Rfd1 Qb6 13. a4 Be7 14. a5 Qc7
15. Na4 Qxa5 16. Nxe6 Bxe6 17. Bxe6 O-O 18. Bb3 Rfe8 19. Qc4 Qh5 20. Nb6 Rad8
21. Ba4 Bc5 22. Nd5 b5 23. Qxc5 Rxd5 24. Rxd5 Nxd5 25. Bb3 Qe5 26. Qc1 Nf4 27.
Qd2 Qg5 0-1

[Event "North Bay int."]
[Site "North Bay CAN"]
[Date "1996.08.09"]
[Round "5"]
[White "Salman, Joel"]
[Black "Tipu, Vincent"]
[Result "0-1"]
[WhiteElo "2356"]
[BlackElo "2348"]
[PlyCount "106"]
[EventDate "1996.08.07"]
[EventType "swiss"]
[EventRounds "9"]
[EventCountry "CAN"]

1. d4 Nf6 2. c4 e6 3. Nc3 Bb4 4. a3 Bxc3+ 5. bxc3 b6 6. e3 O-O 7. Bd3 Bb7 8.
Nf3 d5 9. O-O Nbd7 10. Bb2 Ne4 11. Rc1 Ndf6 12. Ne5 c5 13. cxd5 exd5 14. c4
cxd4 15. Bxd4 Re8 16. Qc2 Nc5 17. Be2 Qd6 18. Qb2 Ne6 19. Bc3 Ne4 20. Bb4 N6c5
21. Nf3 Rad8 22. Rfd1 Qh6 23. Be1 Ne6 24. cxd5 Rxd5 25. Rxd5 Bxd5 26. Qb5 Rd8
27. Qa6 N4g5 28. Qxa7 Nxf3+ 29. Bxf3 Bxf3 30. gxf3 Nd4 31. Qe7 Rf8 32. Bb4
Nxf3+ 33. Kg2 Nh4+ 34. Kf1 Ng6 35. Qc7 Qh3+ 36. Ke1 Re8 37. Qc6 Rd8 38. Qxb6
Qd7 39. Qc7 Qd5 40. Qc6 Qg5 41. Bd6 h5 42. Qc7 Nh4 43. Qe7 Qg1+ 44. Ke2 Qg4+
45. Kd2 Rd7 46. Qf8+ Kh7 47. Rc7 Ng6 48. Qe8 Rxd6+ 49. Kc3 Qf5 50. Qxf7 Qd3+
51. Kb4 Rb6+ 52. Kc5 Rb5+ 53. Kc6 Ne5# 0-1

[Event "North Bay int."]
[Site "North Bay CAN"]
[Date "1996.08.09"]
[Round "5"]
[White "Southam, Todd"]
[Black "Cote, Jacques"]
[Result "1-0"]
[WhiteElo "2398"]
[BlackElo "2273"]
[PlyCount "51"]
[EventDate "1996.08.07"]
[EventType "swiss"]
[EventRounds "9"]
[EventCountry "CAN"]

1. d4 f5 2. Nc3 d5 3. Bg5 Nf6 4. Bxf6 exf6 5. e3 c6 6. Bd3 Bd6 7. Qf3 g6 8. h3
h5 9. g4 fxg4 10. hxg4 Bxg4 11. Qxg4 hxg4 12. Rxh8+ Bf8 13. Bxg6+ Ke7 14. Nge2
Nd7 15. Bf5 Kd6 16. O-O-O b5 17. Rdh1 Qa5 18. R1h7 Nb6 19. Ng3 b4 20. Nce4+
dxe4 21. Nxe4+ Kd5 22. Nxf6+ Kd6 23. Ne4+ Kd5 24. Rh5 c5 25. Bd7+ Kxe4 26. Bc6+
1-0

[Event "North Bay int."]
[Site "North Bay CAN"]
[Date "1996.08.09"]
[Round "5"]
[White "Teodoro, Eduardo"]
[Black "Ristovic, Nenad"]
[Result "1-0"]
[WhiteElo "2453"]
[BlackElo "2302"]
[PlyCount "65"]
[EventDate "1996.08.07"]
[EventType "swiss"]
[EventRounds "9"]
[EventCountry "CAN"]

1. e4 e6 2. d4 d5 3. Nd2 Nf6 4. e5 Nfd7 5. Bd3 c5 6. c3 Nc6 7. Ne2 cxd4 8. cxd4
f6 9. exf6 Nxf6 10. O-O Bd6 11. f4 O-O 12. Nf3 Qb6 13. Kh1 Bd7 14. a3 Ne7 15.
Ne5 Bb5 16. Bxb5 Qxb5 17. Nc3 Qa6 18. Be3 Nf5 19. Bf2 h5 20. Qf3 Bxe5 21. dxe5
Ng4 22. Bg1 Rac8 23. a4 Qc4 24. h3 d4 25. Nb5 Nxe5 26. fxe5 Ne3 27. Qxb7 Nxf1
28. Nd6 Ng3+ 29. Kh2 Qe2 30. Qb5 Qxb5 31. axb5 Rc5 32. Ra4 Rxe5 33. Rxd4 1-0

[Event "North Bay int."]
[Site "North Bay CAN"]
[Date "1996.08.09"]
[Round "5"]
[White "Wen, Jean-Francois"]
[Black "Chu, Christopher"]
[Result "1/2-1/2"]
[WhiteElo "2214"]
[BlackElo "2183"]
[PlyCount "33"]
[EventDate "1996.08.07"]
[EventType "swiss"]
[EventRounds "9"]
[EventCountry "CAN"]

1. c4 e6 2. g3 Nf6 3. Bg2 d5 4. d4 Be7 5. Nf3 O-O 6. O-O dxc4 7. Qc2 a6 8. Qxc4
b5 9. Qc2 Bb7 10. Bg5 Nbd7 11. Nbd2 Rc8 12. Nb3 c5 13. Bxf6 Nxf6 14. dxc5 Ne4
15. a4 Nxc5 16. axb5 axb5 17. Nxc5 1/2-1/2

[Event "North Bay int."]
[Site "North Bay CAN"]
[Date "1996.08.09"]
[Round "5"]
[White "Williams, Paul"]
[Black "Goldenberg, Danny"]
[Result "0-1"]
[WhiteElo "2255"]
[BlackElo "2371"]
[PlyCount "110"]
[EventDate "1996.08.07"]
[EventType "swiss"]
[EventRounds "9"]
[EventCountry "CAN"]

1. Nf3 Nf6 2. c4 g6 3. Nc3 Bg7 4. e4 O-O 5. d4 d6 6. h3 e5 7. d5 c6 8. Bg5 h6
9. Be3 cxd5 10. cxd5 Nbd7 11. Be2 Kh7 12. g4 Nc5 13. Nd2 a5 14. g5 Ng8 15. h4
h5 16. Nb3 Nxb3 17. Qxb3 f5 18. O-O-O fxe4 19. Bb6 Qe7 20. Nxe4 Rf4 21. f3 Bf5
22. Qe3 Qd7 23. Kb1 Qa4 24. Bd3 Qb4 25. Rc1 Ne7 26. Rc7 Nxd5 27. Nf6+ Nxf6 28.
gxf6 Bxd3+ 29. Qxd3 Rxf6 30. Rxb7 Raf8 31. Rg1 Qxh4 32. Bxa5 Qf2 33. Rf1 Qg2
34. Rd1 h4 35. Qe3 Qxf3 36. Qxf3 Rxf3 37. Rxd6 R3f7 38. Rxf7 Rxf7 39. Rd1 Rf2
40. Rh1 g5 41. Be1 Rg2 42. a4 Kg6 43. a5 e4 44. b4 Kh5 45. Kc1 Rb2 46. a6 Bd4
47. Rh3 e3 48. Rxe3 Bxe3+ 49. Kxb2 Kg4 50. Bc3 Kf3 51. Be5 h3 52. b5 Kg2 53.
Kc3 h2 54. Bxh2 Kxh2 55. Kb4 Bb6 0-1